[Event "Miskolc"]
[Site "Miskolc"]
[Date "2004.03.10"]
[Round "1"]
[White "Antal, Gergely"]
[Black "Portisch, Lajos"]
[Result "0-1"]
[WhiteElo "2498"]
[BlackElo "2573"]
[Annotator "Ribli,Z"]
[PlyCount "62"]
[EventDate "2004.03.10"]
[EventType "tourn"]
[EventRounds "9"]
[EventCountry "HUN"]
[EventCategory "12"]
[SourceTitle "CBM 100"]
[Source "ChessBase"]
[SourceDate "2004.06.01"]
[SourceVersion "1"]
[SourceVersionDate "2004.06.01"]
[SourceQuality "1"]

1. e4 c5 2. Nf3 Nc6 3. d4 cxd4 4. Nxd4 Qc7 5. Nc3 e6 6. Be3 a6 7. Bd3 b5 {
Dieser Zug wird relativ selten gespielt, die normale Fortsetzung ist 7...Nf6.
Aber die Idee des schwarzen Zugs ist typisch für die Paulsen-Variante - zuerst
den Damenflügel und nur später - in Abhängigkeit des weißen Spiels - den
Königsflügel zu entwickeln.} 8. Nxc6 Qxc6 (8... dxc6 $6 9. O-O Bb7 10. a4 $16)
9. e5 {Das ist eine direkte Fortsetzung, die 10.Be4 droht. Die ruhige
Alternative ist 9.0-0.} Bb4 {Schwarz fesselt den Springer und er bekommt gutes
Spiel auf der großen weißen Diagonale.} (9... f5 $5 10. exf6 (10. Be2 Bb7 11.
Bh5+ g6 12. Bf3) (10. Qh5+ g6 11. Qh3) 10... Nxf6 11. f3 (11. Be2 Bb7 12. Bf3
Qc7 13. O-O Be7 14. Bxb7 Qxb7 15. Bd4 O-O 16. Qd3 Qc6 {1/2-1/2 Senff,
M-Hendriks,W/Germany 2003/EXT 2004 (21)}) 11... Qc7 12. Qd2 Bb7 13. O-O-O Bb4
14. Kb1 O-O 15. a3 Ba5 16. Qe1 b4 $36 {0-1 Mohr,G-Bistric,F/Batumi 1999/CBM 74
(23)}) 10. O-O Bxc3 11. bxc3 Bb7 {[%csl Gb7,Gc6][%cal Rb7g2] Schwarz
deutlichen positionellen Druck auf den weißfeldrigen Punkten, es droht jetzt
Matt auf g2.} 12. Qg4 Ne7 13. a4 $6 {Der Textzug in dieser konkreten Stellung
ist eine Neuerung. Weiß möchte die Linien am Damenflügel öffnen. Besser ist
die Alternative 13.Bd4.} (13. Bd4 Ng6 (13... Nf5 14. Bxf5 exf5 15. Qxg7 O-O-O
16. f3 $16 Rhg8 17. Qf6 Qxf6 18. exf6 Rde8 19. Kf2 {1-0 Klovans,J-Budde,V/
Germany 1995/GER (59)}) 14. Rae1 {[%cal Ge1e3,Ge3g3]} Qc7 15. Re3 h5 16. Qg3 $1
Ne7 (16... Rh6 $5) 17. Qg5 {[%csl Gg5]} Qd8 18. Rg3 g6 19. Qf6 Rg8 20. Bc5 Rc8
(20... Nd5 $5 21. Qxd8+ Rxd8 22. c4 Rc8 $132) 21. Bd6 {1-0 Adams,M-Lutz,C/Leon
2001/CBM 86/[Ribli] (49)}) 13... h5 $5 {Dieser Zug kommt mit Tempo, Schwarz
möchte h5-h4 und möglicherweise auch h4-h3 spielen.} 14. Qg3 h4 15. Qh3 {
Weiß blockiert den h-Bauern, aber das h3-Feld ist ein genügsamer Platz für die
Dame.} Qxc3 $5 $15 {Schwarz nimmt den Bauern. Obwohl Weiß Entwicklungsvorteil
hat, kann er diesen nicht nutzen, weil Schwarz die wichtigsten Felder
kontrolliert.} 16. axb5 axb5 17. Rab1 (17. Rxa8+ Bxa8 18. Bxb5 Qxe5 $15) 17...
Bc6 (17... Qxe5 18. Rxb5 Qc7 19. Rb4 {[%csl Rh4][%cal Rb4h4]} Nd5 {[%cal Rd5b4,
Rd5e3]} 20. Rxh4 Rxh4 21. Qxh4 Nxe3 22. fxe3 Qe5 23. Qh8+ Ke7 24. Qh4+ $11) 18.
f4 f5 $1 {[%mdl 32] Mit diesem Zug möchte Schwarz entweder seine Herrschafft
über die weißen Felder befestigen oder - im Falle von 19.exf6? gxf6 - die
g-Linie öffnen.} 19. exf6 $2 (19. Rb3 Qa5 20. Rfb1 Nd5 $1 21. Bxb5 Bxb5 22.
Rxb5 Qc3 $15) 19... gxf6 20. Rb3 Qa5 21. Bd4 (21. Rfb1 Rg8 $5 (21... Nd5 $15)
22. Qxh4 Rxg2+ 23. Kf1 O-O-O 24. Bxb5 Nf5 25. Qh3 Rxh2 $1 26. Qxh2 Nxe3+ 27.
Ke2 Nxc2 28. Qf2 e5 $40 {[%csl Yd4][%cal Rc2d4,Rd4e2,Rd4b3]}) 21... Rg8 22. Rf2
e5 $1 {Auf diese Weise verjagt Schwarz den Läufer von d4.} 23. fxe5 fxe5 24.
Bc3 (24. Bxe5 $4 Qe1+ $19) 24... Qb6 {[%csl Rg1][%cal Gb6g1,Rg8g2] Droht jetzt
25...Rxg2+.} 25. Bf1 Ng6 26. Bd2 (26. Qf5 O-O-O 27. Bxe5 Rdf8 28. Bf6 Rxf6 29.
Qxf6 Rf8 30. Rxb5 Qa7 $19 {[%csl Rf2,Rg1][%cal Ra7g1,Rf8f2]}) 26... Nf4 $1 27.
Bxf4 (27. Qe3 Qxe3 28. Rxe3 Kd8 29. Rb3 Ra1 30. Bxf4 exf4 31. Rh3 (31. Rxf4 $4
Rxg2+ $19) 31... f3 32. g3 hxg3 33. hxg3 Re8) 27... exf4 $6 (27... Bxg2 $1 28.
Qe3 (28. Bxg2 Ra1+ $19) 28... Qxe3 29. Rxe3 Bc6+ 30. Bg3 d6 $17) 28. Rb1 $6 (
28. Qf5 O-O-O (28... Ra1 $4 29. Qe5+ $18) 29. Qxf4 Rdf8 30. Qe3 $11) 28...
O-O-O $1 29. Qxh4 (29. c4 f3 30. cxb5 fxg2 31. Bd3 (31. Be2 Rdf8 32. Qxh4 Rh8
33. Qg3 Rxh2 $19) 31... Rdf8 32. Qxh4 Bd5 33. Rc1+ Kb7 34. Be4 Qe3 35. Bxd5+
Kb6 36. Bxg8 (36. Ra1 Rg4 37. Qh6+ Qxh6 38. Ra6+ Kxb5 39. Rxh6 Rxf2 $19) 36...
Qxc1+ 37. Kxg2 Rxg8+ $19) 29... f3 (29... Rdf8) 30. g3 $4 {Gewöhnlich, wenn es
zwei Möglichkeiten gibt - 30.g4 und 30.g3 - muss man seine Königsstellung
verteidigen, 30.g3 liegt also auf der Hand, aber dieser Zug verliert die
Partie!} (30. Qb4 Rxg2+ $1 31. Bxg2 Rg8 32. Kf1 Rxg2 33. Qh4 (33. Qb2 b4) 33...
b4 34. c4 Qe3 35. Rd1 Kc7 36. Rdd2 b3) (30. g4 $1 Qd4 31. h3 Qf4 32. Rh2 $15)
30... Rh8 $19 31. Qf4 Rxh2 $1 {[%mdl 64]} (31... Rxh2 32. Kxh2 Qxf2+ 33. Kh3
Rh8+ 34. Kg4 Rg8+ 35. Kh4 Qxc2 $19) 0-1

[Event "EU-ch 4th"]
[Site "Istanbul"]
[Date "2003.06.11"]
[Round "11"]
[White "Goloshchapov, Alexander"]
[Black "Tregubov, Pavel V"]
[Result "1/2-1/2"]
[WhiteElo "2558"]
[BlackElo "2632"]
[Annotator "Ribli,Z"]
[PlyCount "100"]
[EventDate "2003.05.30"]
[EventType "swiss"]
[EventRounds "13"]
[EventCountry "TUR"]
[SourceTitle "CBM 096"]
[Source "ChessBase"]
[SourceDate "2003.09.25"]
[SourceVersion "1"]
[SourceVersionDate "2003.09.25"]
[SourceQuality "1"]

1. e4 c5 2. Nf3 Nc6 3. d4 cxd4 4. Nxd4 e6 5. Nc3 Qc7 6. Be3 a6 7. Qd2 Nf6 8.
O-O-O Bb4 9. f3 Ne5 10. Nb3 b5 11. Kb1 {Das ist neben 11.Bd4 die andere
chancenreiche Fortsetzung für Weiß.} Nc4 (11... O-O $2 12. Nxb5 Bxd2 13. Nxc7
Bxe3 14. Nxa8 Ne8 15. Nd4 Bb7 16. Nb6 Nc7 17. Nc4 {1-0 Motylev,A-Gershon,A/
Bermuda 2003/CBM 94 (17)}) (11... Be7 $5) 12. Bxc4 bxc4 13. Nc1 (13. Nd4) 13...
Rb8 (13... Qb7 14. N1e2 O-O $5 15. Qd4 Rb8 16. Qxc4 d5 $13) 14. N1e2 O-O $5 {
[%mdl 4] Das ist eine - natürlich - vorbereitete Neuerung von Tregubov.
Schwarz bringt zuerst seinen König in Sicherheit, bevor er sich auf eine
bestimmte Spielweise am Damenflügel festlegt.} (14... Qb7 $6 15. b3 e5 (15...
O-O 16. Bf4 $1 Ra8 17. Bd6 {[%csl Gd6]} Bxd6 18. Qxd6 cxb3 $6 (18... a5 $5) 19.
axb3 a5 20. Rd4 $1 {[%cal Gd4a4] 1-0 Topalov,V-Lutz,C/Dortmund 2002/CBM 90/
[Ribli] (34)}) 16. Bg5 Ng8 17. f4 f6 18. fxe5 fxg5 19. Qxg5 cxb3 20. axb3 Ne7
21. Qxg7 Rg8 22. Qxh7 Bxc3 23. Nxc3 Rxg2 24. Rdg1 {1-0 Luther,T-Rojo Huerta,G/
Pontevedra 2002/EXT 2003 (28)}) 15. Ka1 $6 {Weiß bringt seinen König in
Sicherheit, aber dieser Zug scheint mir zu langsam.} (15. Bf4 $5 e5 16. Bg5 Ba3
17. b3 Qb6 18. Be3 $14 (18. Bxf6 Qxf6 19. Nd5 $14)) 15... d5 $1 $15 {Schwarz
kann mit der Eröffnung zufrieden sein - er hat das Läuferpaar, die halboffene
b-Linie und Aktivität im Zentrum.} 16. Bf4 e5 (16... Bd6 17. Bxd6 Qxd6 18. exd5
Qb6 19. Qc1 (19. Na4 Qb7 20. dxe6 (20. d6 Bd7 21. Nec3 Nd5 $17) (20. Nec3 Rd8
$44) 20... Bxe6 $44) 19... Nxd5 20. Nxd5 exd5 21. Rxd5 Be6 $13 {Schwarz übt
positionellen Druck am Damenflügel aus, aber es ist fraglich, ob das für
Kompensation ausreicht.}) 17. Bg5 d4 $6 {[%csl Rc3][%cal Rb4d2]} (17... Bxc3 $1
18. bxc3 (18. Qxc3 d4 19. Qa3 Qb6 $17) (18. Nxc3 d4 19. Bxf6 Qb6 $1 {[%cal
Gb6f6,Rb8b2] Dieser Zwischenzug ist die Pointe des schwarzen Spiels - es droht
20...Qxb2#, daher kann Schwarz mit seiner Qb6 den Bf6 zurück gewinnen.} (19...
dxc3 $2 20. Qg5 $18) (19... gxf6 20. Nd5 $18) 20. Qc1 Qxf6 21. Nd5 Qd8 $15)
18... dxe4 19. Bxf6 gxf6 20. fxe4 Bg4 $15) 18. Bxf6 gxf6 (18... dxc3 $2 19. Qg5
$18) 19. Nd5 Bxd2 20. Nxc7 Ba5 (20... Bg5 21. Nd5 Kg7 22. h4 Bh6 23. g4 $36)
21. Nd5 $13 {Nach einigen forcierten Zügen ist eine Stellung entstanden, in
der Schwarz zwar das Läuferpaar besitzt, der Stellungscharakter aber eher
geschlossen ist und der Nd5 sehr aktiv steht.} Bd8 (21... Be6 $5 22. Nxf6+ (22.
Ne7+ Kg7 23. Nc6 Rb5 $15) 22... Kg7 23. Ng4 (23. Nh5+ Kh6 $44) (23. Nd5 Rfd8
$36) 23... f6 $44) 22. c3 d3 (22... dxc3 $2 23. Nexc3 $16 {[%csl Gc3,Gd5]}) 23.
Ng3 Be6 24. b3 Bxd5 (24... cxb3 25. Rxd3 $16) 25. exd5 Ba5 26. Kb2 (26. b4 Bb6
$13 {Jetzt stehen beide Spieler "schlecht" - Schwarz hat aktive Bauern auf c4
und d3, aber seine Bauernstruktur am Königsflügel ist schlecht..}) 26... Rfc8 (
26... Rfd8 $5 27. Nf5 Kf8 28. d6 (28. Ne3 Rdc8 $13) 28... Ke8 $13) 27. Nf5 {
[%csl Gf5][%cal Rf5e7,Re7g8,Re7c8]} Kf8 28. b4 Bb6 29. Rhe1 a5 30. a3 axb4 31.
axb4 Bd4 $5 {[%cal Gb8b2,Gd4b2] Schwarz sucht mit allen Mitteln nach
Gegenspiel.} 32. cxd4 (32. Nxd4 $1 exd4 33. Re4 $16 {[%csl Rc4,Rd3,Rd4] Nach
diesem Zug werden die vorher so aktiv scheinenden schwarzen Bauern auf einmal
schwach.}) 32... c3+ (32... Rxb4+ 33. Kc1 c3 34. Rxd3 Ra4 35. Nd6 (35. Rde3
exd4 36. Nxd4 Rxd4 37. Rd1 $11) 35... Ra1+ 36. Kc2 Ra2+ 37. Kc1 $11) 33. Kb3 c2
(33... d2 34. Rg1 c2 35. Rxd2 c1=Q 36. Rxc1 Rxc1 37. dxe5 (37. Rb2 $11) 37...
fxe5 38. Rb2 $11) 34. dxe5 (34. d6 $1 cxd1=Q+ 35. Rxd1 Ke8 (35... Rc2 36. Rxd3
Rxg2 37. dxe5 fxe5 38. Ne7 $18 {[%cal Ge7c6,Gc6b8,Gd6d7,Gd7d8]}) 36. Ne7 Rc2
37. Nd5 $14) 34... fxe5 35. Ne3 (35. d6 cxd1=Q+ 36. Rxd1 $14) 35... cxd1=Q+ 36.
Rxd1 Rb5 (36... Rc5 37. Rxd3 Rcb5 {Wir bekommen dieselbe Stellung in der
Partie.}) 37. Rxd3 {[%mdl 4096]} Rcb8 38. Nc2 Ke7 $11 {Weiß hat zwei Bauern
für die Qualität, und das Material ist reduziert.} 39. f4 exf4 (39... Kd6 40.
fxe5+ Kxe5 $11) 40. Rd4 Kd6 (40... Rg8 $5) 41. Rxf4 Rxd5 42. Rxf7 Rd3+ 43. Kb2
Rd2 44. Kb3 Rd3+ 45. Kb2 Rg8 {Schwarz will sich nicht mit Remis durch
Zugwiederholung zufrieden geben, aber er es bleibt ihm am Ende nicht mehr.} 46.
Rxh7 Rxg2 47. Rh5 Rdd2 48. Rc5 Rxh2 49. Kb3 Rh3+ 50. Rc3 Rxc3+ 1/2-1/2

[Event "Moscow Aeroflot op"]
[Site "Moscow"]
[Date "2002.02.08"]
[Round "6"]
[White "Efimenko, Zahar"]
[Black "Tunik, Gennady"]
[Result "1/2-1/2"]
[WhiteElo "2546"]
[BlackElo "2469"]
[Annotator "Ribli,Z"]
[PlyCount "90"]
[EventDate "2002.02.04"]
[EventType "swiss"]
[EventRounds "9"]
[EventCountry "RUS"]
[SourceTitle "CBM 088"]
[Source "ChessBase"]
[SourceDate "2002.03.21"]
[SourceVersion "1"]
[SourceVersionDate "2002.03.21"]
[SourceQuality "1"]

1. e4 c5 2. Nf3 e6 3. Nc3 Nc6 4. d4 cxd4 5. Nxd4 a6 6. Be3 Qc7 7. Bd3 {Das ist
die Hauptfortsetzung gegen den schwarzen Aufbau. Weiß will mit f2-f4 eine
starke Angriffsstellung aufbauen.} b5 {Dieser Zug ist natürlich spielbar, aber
in vielen Partien zieht Schwarz erst 7...Nf6 und antwortet nur im Falle von 8.
0-0 mit 8...b5.} 8. O-O Bb7 9. Qe2 Nf6 10. Kh1 (10. f4 Nxd4 11. Bxd4 Bc5 $11)
10... Be7 (10... Bc5 $2 11. Ndxb5 $18 (11. Nxe6 $18)) 11. f4 d6 (11... b4 $5)
12. a4 {Das ist ein typisches Motiv - Weiß möchte den schwarzen Damenflügel
sprengen.} b4 13. Na2 {Der Na2 greift zwar den Pb4 an, aber er steht hier
nicht besonders gut.} (13. Nd1 $5 {[%cal Gd1f2]}) 13... Nxd4 {Dieser Zug ist
nicht schlecht, aber die Alternative - 13...d5 - kommt auch stark in Betracht.}
(13... d5 14. e5 Nxd4 15. Bxd4 Ne4 16. c3 bxc3 17. Nxc3 Nxc3 18. bxc3 g6 {
1/2-1/2 Andreev,E-Vinogradov,P/Kharkov UKR 2002/(40)}) 14. Bxd4 e5 (14... d5 $6
15. Bxf6 (15. e5 Ne4 {Wir haben dieselbe Stellung wie nach 13...d5 14.e5 Nxd4
15.Bxd4 Ne4 erreicht.}) 15... gxf6 (15... Bxf6 16. exd5 Bxd5 17. Nxb4 $16) 16.
c3 $36) 15. Bg1 {Nach 15.Bf2 kann Schwarz auf f4 nehmen, und nach 15.Be3 hängt
der Pe4. Weiß hat hier also keine andere Wahl. 15.fxe5 dxe5 wäre ebenfalls
vorteilhaft für Schwarz, denn hier wäre der Pb4 durch den Be7.verteidigt.} Qa5
$5 {[%mdl 4] Schwarz muss den Pb4 verteidigen. Da 15...a5 das Feld b5 zu sehr
schwächen würde, macht der Textzug einen logischen Eindruck.} (15... a5 16. c3
bxc3 17. Nxc3 O-O 18. Rac1 Qd8 19. fxe5 dxe5 20. Rfd1 Bb4 21. Bf2 h6 22. Bh4
Qb6 23. Rf1 Nd7 24. Bb5 Nc5 {0-1 Fiorito,F-Franco Ocampos,Z/Varadero 2000/CBM
76 ext (33)}) 16. Qe1 {[%csl Rb4][%cal Re1a5]} (16. c3 bxc3 17. Nxc3 O-O $11)
16... Qxa4 (16... Nh5 17. Nxb4 (17. f5 d5 $13) (17. fxe5 dxe5 $11) 17... Nxf4
18. Bc4 $36) 17. Nxb4 (17. Qxb4 Qxb4 18. Nxb4 Nxe4 19. Nxa6 O-O $13) 17... Qd7
18. c4 $14 {[%csl Yd5][%cal Gb4d5] Weiß verstärkt seine Kontrolle über das
Feld d5. Seine Stellung scheint mir aktiver.} (18. Nxa6 O-O $44) (18. Bxa6 O-O
$44 (18... Bxe4 $2 19. fxe5 dxe5 20. Rxf6 $18)) 18... exf4 (18... O-O 19. Nd5
$14) 19. Nd5 Bxd5 (19... Nxd5 $6 20. exd5 O-O 21. Rxf4 $14 {[%csl Rb7] Weiß
hat Raumvorteil, und der Bb7 ist eingeschlossen.}) 20. exd5 (20. cxd5 O-O 21.
Rxf4 (21. Rxa6 Rxa6 22. Bxa6 Ra8 23. Bd3 Qg4 $132) 21... Qb7 22. Bd4 Nd7 $132 {
[%cal Gd7e5]}) 20... O-O 21. Rxf4 $16 {[%csl Gb2,Gc4,Gd3,Gd5,Gg1] Weiß hat
positionellen Vorteil - sein Läuferpaar steht gut, zudem kann er seine Bauern
am Damenflügel mobilisieren. Schwarz hat kaum Gegenspiel, aber seine Stellung
ist immerhin solide und weist keine Schwächen auf.} Nh5 22. Rf3 $6 (22. Rf5
$142 $1 g6 (22... Nf6 23. Bd4 $16) 23. Rxh5 gxh5 24. Qe2 h4 25. Rf1 $40) 22...
g6 {[%cal Gf7f5]} 23. b4 (23. Bd4 f5 $132 {[%cal Ge7f6,Gf6d4] Schwarz
beabsichtigt den schwarzfeldrigen Läufer mit Bf6 abzutauschen.}) 23... Rfe8 {
[%cal Ge8e1]} 24. Qf1 (24. Qc3 f5 25. Bd4 Bf8 $132 {[%cal Gf8g7,Gg7a1]}) 24...
Bg5 (24... f5 25. c5 $1 $16 {[%cal Gf1a6]}) 25. c5 Qg4 $1 {Gut oder schlecht,
hin oder her - es ist die einzige praktische Gegenchance für Schwarz - mit
passiven Zügen kann er sich nicht retten.} (25... dxc5 26. bxc5 Qxd5 27. Bc4
$18) 26. c6 (26. Rxf7 Nf4 27. Rc7 $16) (26. Rxa6 Rxa6 27. Bxa6 Qxb4 28. Rxf7
Nf4 29. Rb7 Qe4 30. cxd6 $16) 26... Qxb4 27. Bxa6 {Unterstützt durch den Ba6
ist der Pc6 enorm stark. Es droht konkret 28.c7.} Re7 28. Rb1 Qd2 29. Bb6 $5 (
29. Bc4 $16) 29... Qxd5 30. c7 {[%csl Gc7]} (30. Bb7 Rae8 (30... Rxb7 31. cxb7
Qxb7 32. Bd8 $1 {Jetzt kann Schwarz nicht 32...Qe7 spielen.} (32. Be3 Qd5 (
32... Qe7 33. Bxg5 Qxg5 34. Rxf7 $16) 33. Rb5 $18) 32... Qd5 33. Rb5 $18) 31.
Bd8 Rxd8 32. c7 Qa5 33. cxd8=Q+ Qxd8 34. Bd5 Qe8 $14) 30... Qc6 31. Ba5 {
[%csl Gc7][%cal Rb1b8,Rb8a8,Rb8g8]} (31. c8=Q+ Rxc8 32. Bxc8 Qxc8 33. Bd4 $14)
31... Rxc7 32. Bb5 $2 (32. Bxc7 Qxc7 33. Rxf7 $1 Qxf7 34. Bc4 {[%cal Rc4g8]} d5
35. Qxf7+ Kxf7 36. Bxd5+ Kf6 37. Bxa8 $16 {Das Material ist reduziert, aber
bei guter Technik muss Weiß seinen Vorteil verwerten können.}) 32... Qxf3 $1 (
32... Qc5 $2 33. Bxc7 Qxc7 34. Rxf7 Qxf7 35. Bc4) 33. Qxf3 Rxa5 $11 {[%mdl
1024] Schwarz hat R+N+P für die Q - das ist ein ausreichender Ersatz. Da sich
zudem praktisch alle Bauern an einem Flügel befinden, ist der Springer eine
besonders starke Figur. Momentan droht 34...Rxb5 mit Gewinn.} 34. Bf1 Rac5 35.
Rd1 Be7 (35... Rc1 36. Rxd6 R7c3 37. Rd3 $11) 36. Qe3 Kg7 37. Be2 {Weiß
verbessert die Stellung seines Läufers.} Nf6 38. Bf3 {[%csl Gf3] Der Läufer
steht viel aktiver auf f3 als auf f1.} h5 39. h3 Re5 (39... Rc3 40. Qd4 $11)
40. Qd4 Rcc5 41. Rb1 {[%cal Gb1b7,Gb7g7] Weiß möchte mit seinem Turm auf der 7.
Reihe eindringen.} Rb5 42. Rc1 (42. Rxb5 $6 Rxb5 $15) 42... Rec5 43. Re1 Re5
44. Rc1 Rbc5 45. Rb1 Rb5 1/2-1/2

[Event "EU-chT (Men) 15th"]
[Site "Gothenburg"]
[Date "2005.08.01"]
[Round "3.2"]
[White "Berkes, Ferenc"]
[Black "Markus, Robert"]
[Result "0-1"]
[WhiteElo "2619"]
[BlackElo "2591"]
[Annotator "Ribli,Z"]
[PlyCount "70"]
[EventDate "2005.07.30"]
[EventType "team-swiss"]
[EventRounds "9"]
[EventCountry "SWE"]
[SourceTitle "CBM 109"]
[Source "ChessBase"]
[SourceDate "2005.11.14"]
[SourceVersion "1"]
[SourceVersionDate "2005.11.14"]
[SourceQuality "1"]
[WhiteTeam "Hungary"]
[BlackTeam "Serbia & Montenegro"]
[WhiteTeamCountry "HUN"]
[BlackTeamCountry "YUG"]

1. e4 c5 2. Nf3 e6 3. d4 cxd4 4. Nxd4 Nc6 5. Nc3 Qc7 6. Be3 a6 7. Qd2 Nf6 8.
O-O-O {Diese Variante ist besonders populär in der letzten Zeit.} Bb4 9. f3 Ne5
10. Nb3 b5 11. Qe1 {Heutzutage ist diese Fortsetzung in Mode (es droht 12.Nxb5)
- die Alternativen sind 11.Bd4 und 11.Kb1.} Be7 12. f4 Ng6 (12... Nc4 13. e5
Ng4 14. Bd4 Bb7 15. Bxc4 $1 bxc4 16. Nd2 $14 Nh6 17. Qe2 $1 Rc8 $6 (17... O-O
18. Rhg1 $1 Nf5 19. Bf2 $14) 18. Nde4 Nf5 $8 19. g4 $1 {1-0 Volokitin,
A-Macieja,B/Bermuda 2005/(44)}) 13. e5 Ng4 14. Bd2 (14. Bd4 Bb7 15. Be2 h5 16.
f5 exf5 17. Bf3 Rc8 $15 {0-1 Dobrov,V-Perunovic,M/Kavala 2004/(37)}) (14. Ne4
O-O 15. Bd3 (15. Bc5 Bb7 16. Nd6 (16. Bxe7 Nxe7 17. Nd6 Bd5 18. Bd3 f6) 16...
Bd5 17. Rxd5 exd5 18. g3 f6 19. Qd1 fxe5 20. Qxd5+ Kh8 21. f5 Nf6 22. Nf7+ Rxf7
23. Qxa8+ Rf8 24. Qxa6 Bxc5 {0-1 Balogh,C-Delchev,A/Tusnad 2005/ (40)}) 15...
Bb7 16. Bd2 f5 (16... Rac8 17. Kb1 (17. h3 f5 18. Nd6 Bxd6 19. hxg4 Bxe5 20.
fxe5 Nxe5 21. Kb1 Nxg4 $13) 17... f5 18. exf6 Nxf6 19. Rf1 Bd5 20. Ba5 Qc6 21.
Nxf6+ Bxf6 22. g3 Bc4 {1-0 Zufic,M-Lazarev,V/Trieste 2005/(73)}) 17. exf6 Nxf6
18. g3 Rac8 19. Kb1 e5 {1/2-1/2 Ibarra Jerez,J-Delchev,A/La Roda 2005/(60)})
14... Bb7 (14... h5 $2 15. Bd3 Bb7 16. Ne4 Rc8 (16... f5 17. Nd6+ Bxd6 18. exd6
Qxd6 19. Bxf5 $16) 17. Kb1 (17. h3 $2 N4xe5 $1 18. fxe5 Nxe5 $44) 17... Nh4 18.
Rg1 (18. h3 Nh6 19. Nd6+ Bxd6 20. exd6 Qd8 21. Rg1 $16) 18... Qb6 19. h3 f5 20.
Nd6+ $1 {1-0 Vallejo Pons,F-Handke,F/BL 2004/05 (25)}) 15. Bd3 (15. Ne4 $2 Bxe4
16. Qxe4 Rc8 17. Ba5 Qc6 $16) (15. Rg1 $6 b4) (15. h3 Nh6 16. Ne4 Nf5 $6 (16...
Rc8) 17. Bd3 Rc8 $1 18. Ba5 $1 Qc6 19. Rf1 h5 $1 20. g4 $6 (20. Kb1 $1) 20...
hxg4 21. hxg4 Rh3 $1 {0-1 Kulaots,K-Aroshidze,L/Istanbul (36)}) 15... Rc8 (
15... Bxg2 16. Rg1 Bf3 17. Be4 Bh4 18. Qf1 Bxe4 19. Nxe4 Rc8 20. Nd6+ Ke7 21.
Kb1 Qxc2+ 22. Ka1 Nxh2 23. Qh3 {1-0 Zakurdjaeva,I-Ovod,E/St Petersburg 2004/
CBM 101 ext (55)}) (15... d6 16. Qg3 Nh6 17. exd6 Bxd6 18. Ne4 Be7 19. Rhf1 b4
20. f5 Qxg3 21. Nxg3 Ne5 22. Be4 Bxe4 23. Bxh6 Bxc2 24. Kxc2 gxh6 25. Rfe1 {
1-0 Hernandez,H-Dimitrov,V/Vila de Marin 2005/(48)}) 16. h3 {Diese Fortsetzung
scheint auf den ersten Blick logisch: Weiß verjagt den g4-Springer mit Tempo.
Aber nach meiner Meinung kommt die Alternative 16.Ne4 0-0 17.Kb1!? auch in
Betracht.} (16. Qe2 f5 $1 17. h3 (17. exf6 Nxf6 $15) 17... Nh6 $13) (16. Ne4
O-O 17. Kb1 $5 (17. h3 Nh6 (17... f5 18. Nd6 Bxd6 19. hxg4 Bxe5 20. fxe5 Nxe5
21. Kb1 Nxg4 $13) 18. g4 {Mit Zugumstellung ist die Partiefortsetzung erreicht.
})) 16... Nh6 (16... Bh4 $142 $5 17. g3 N4xe5 $1 18. fxe5 Bxh1 19. Qxh1 (19.
gxh4 Bf3 20. Ne2 Nxe5) 19... Bxg3 $15) 17. Ne4 O-O {Weiß hat Raumvorteil und
die schwarzen Springer stehen ein wenig passiv auf h6 und g6, aber nach f7-f5
erhält Schwarz gute taktische Gegenchancen.} (17... f5 18. exf6 Nxf4 19. Kb1 $1
(19. Bxf4 Qxf4+ 20. Nbd2 (20. Kb1 $6 gxf6) 20... gxf6 21. Rf1 Qe5 22. Nf3 Qc7 (
22... Qh5 $5) 23. Qh4 Bxe4 24. Qxe4 f5 $15) 19... gxf6 20. Rf1 $1 Nxd3 21. cxd3
Bxe4 22. Qxe4 Nf7 $13) 18. g4 f5 $13 {[%mdl 4]} 19. exf6 {[#]} Nxf4 $1 {
[%cal Gc8c1,Rf4d3,Rd3c1] Dieser Zwischenzug ist die Pointe des schwarzen
Spiels - jetzt droht 20...Nxd3+.} (19... Bxf6 20. Nxf6+ Rxf6 21. g5 Bxh1 (21...
Nxf4 22. Kb1 $16) 22. Qxh1 Nxf4 23. Kb1 Nxd3 24. cxd3 Qc2+ 25. Ka1 $16) 20. Kb1
(20. Bxf4 Qxf4+ 21. Kb1 gxf6 $17) 20... gxf6 (20... Nxd3 $2 21. cxd3 Bxf6 22.
Nxf6+ Rxf6 23. g5 $16) 21. Rf1 Nxd3 22. cxd3 Bxe4 (22... Nf7 $2 23. Nxf6+ Bxf6
24. Rxf6 Qc2+ 25. Ka1 Bd5 26. Bc3 $36) 23. dxe4 (23. Qxe4 Nf7 $15) 23... Nf7
$15 {Schwarz hat einen Bauern mehr und auch wenn sein Königsflügel ein wenig
unsicher ist, so besitzt Weiß keinen Angriff.} 24. Bc3 Ne5 {[%cal Ge5c4]} 25.
Ka1 (25. Bxe5 fxe5 $17) 25... Nc4 {[%csl Gc4]} 26. Rc1 Qh2 $17 {[%csl Gh2]
[%cal Gh2b2,Gh2h3][%mdl 2048] Schwarz hat nicht nur einen Bauern mehr, sondern
seine Figuren stehen auch sehr aktiv. Jetzt "hängt" der Ph3 und Weiß muss
immer das Feld b2 verteidigen.} (26... Qb7) (26... Qb6) 27. Qh4 (27. Rh1 Qg2
$17) 27... b4 $1 28. Rf2 (28. Bd4 Nd2 $19) 28... Qd6 29. Bxf6 (29. Bd4 Na5 $19)
29... Rxf6 (29... Bxf6 $2 30. Rxf6 Qe5 31. Rxf8+ Kxf8 32. Qf2+ Kg8 $11) 30.
Rxf6 Qe5 $19 {[%csl Rf6][%cal Re5b2,Re5f6,Re7h4]} 31. Rxc4 Rxc4 {[%csl Rf6]}
32. Rg6+ hxg6 33. Qxe7 Qg7 34. Qe8+ Kh7 35. e5 Rf4 0-1